El desarrollo del niño en la primera infancia: echar los cimientos del aprendizaje
Wedi'i Gadw mewn:
| Awdur Corfforaethol: | |
|---|---|
| Fformat: | Llyfr |
| Iaith: | Sbaeneg |
| Cyhoeddwyd: |
París
Unesco
1999
|
| Cyfres: | Colección Cuidado y Desarrollo de la Primera Infancia
|
| Pynciau: | |
| Tagiau: |
Ychwanegu Tag
Dim Tagiau, Byddwch y cyntaf i dagio'r cofnod hwn!
|
MARC
| LEADER | 00000nam a2200000 a 4500 | ||
|---|---|---|---|
| 001 | UCP6156 | ||
| 003 | CL-VaPUC | ||
| 008 | 991015e19990000FR |||||||||||||||||spa|d | ||
| 082 | 0 | 4 | |a 372.21 |b UNE |2 21 |
| 110 | 2 | |a UNESCO |e author |9 435043 | |
| 245 | 1 | 3 | |a El desarrollo del niño en la primera infancia: echar los cimientos del aprendizaje |
| 300 | |a 72 p | ||
| 942 | |c BK | ||
| 945 | |d 19991015 00:00:00 |a rbrito | ||
| 260 | |a París |b Unesco |c 1999 | ||
| 650 | 0 | |a Educación preescolar |9 260381 | |
| 650 | 0 | |a Jardines infantiles |9 307427 | |
| 650 | 0 | |a Educación en el hogar |9 307975 | |
| 583 | |a last modification |c 19991015 00:00:00 |k Rodrigo Vera | ||
| 490 | 0 | |a Colección Cuidado y Desarrollo de la Primera Infancia | |
| 999 | |c 283770 |d 283768 | ||
| 952 | |0 0 |1 0 |4 0 |6 372_210000000000000_UNE_1999 |7 0 |8 P |9 327214 |a BIBEDU |b BIBEDU |c BIBEDU_PB |d 2019-11-20 |i 3569950 |o 372.21 UNE 1999 |p 3569950 |r 2024-01-25 |w 2019-11-20 |y BK |k EDU | ||